[Event "Ashdod op 1st"]
[Site "Ashdod"]
[Date "2003.10.12"]
[Round "2"]
[White "Tyomkin, Dimitri"]
[Black "Krapivin, Alexander"]
[Result "1-0"]
[WhiteElo "2476"]
[BlackElo "2342"]
[Annotator "Tyomkin,D"]
[PlyCount "73"]
[EventDate "2003.10.04"]
[EventType "swiss"]
[EventRounds "9"]
[EventCountry "ISR"]
[SourceTitle "CBM 096 Extra"]
[Source "ChessBase"]
[SourceDate "2003.10.22"]
[SourceVersion "2"]
[SourceVersionDate "2003.10.20"]
[SourceQuality "1"]

{Positional queen sacrifice is rarely met in tournament practice and this is
always fun to win a game this way! My opponent in this game is a 16 y.o
prodigy from Moscow;} 1. e4 c5 2. Nf3 e6 3. Nc3 Nc6 4. d4 cxd4 5. Nxd4 Nf6 6.
a3 {The idea of this move is mainly to prevent Bb4 move; On the other hand, a3
loses an important tempi; Shabalov and Short tried a3 move in their games, but
according my database black scores very well in this line;} Be7 (6... Qc7 7.
Be3 a6 8. Be2 d6 9. g4 h6 10. h4 Nxd4 11. Qxd4 e5 12. Qd3 Bxg4 13. Bxg4 Nxg4
14. Nd5 $16 {1-0 Short,N-Lalic,B/Catalan Bay ENG 2003/The Week in Chess 431 
(50)}) (6... d5 {Horvath,Ta} 7. Bb5 Bd7 8. exd5 Nxd5 9. Nxd5 exd5 10. O-O Be7
11. Nb3 a6 12. Bxc6 bxc6 13. Be3 O-O 14. Bc5 Re8 15. Bxe7 Qxe7 16. Qd4 {
0-1 Shabalov,A-Khmelnitsky,I/Parsippany 1996/CBM 55/[Horvath,Ta] (37) Weiß
kontroliert die schwarzen Punkte, der Nachziehende besitzt aber die einzi ege
offene Linie, und hat gleiche Chanchen.}) 7. Be2 (7. Be3 O-O 8. f4 d6 (8... e5
$5) 9. Be2 Bd7 $6 10. Nb3 Qc7 11. O-O Rfd8 $6 12. Bf3 Rac8 13. Qe2 $14 {
1-0 Shabalov,A-Manolov,I/Linares ESP 2000/The Week in Chess 271 (36)}) 7... O-O
8. Be3 d5 {Black tries to exploit a3 of white;} 9. exd5 Nxd5 10. Nxd5 Qxd5 11.
O-O Rd8 12. Bf3 {'This move intends the forthcoming queen sacrifice; Black is
just fine in other cases;'} (12. Nxc6 Qxc6 {Black has better perspectives here
even- e6-e5 move is coming releasing Bc8;}) 12... Qc4 13. Nxc6 $1 {[%mdl 512]
'It took me a while to realize that inclusion of b3 Qc3 moves is actually in
black's favor!'} (13. b3 Qc3 14. Nxc6 Rxd1 15. Nxe7+ Kf8 16. Raxd1 Kxe7 17. Rd3
$13 {White has strong compensation here too, but the game continuation is just
better for white!}) 13... Rxd1 {'This is better for black to decline the queen
sacrifice, while this is just too difficult for black to see the consiquences
of queen sacrifice;'} (13... bxc6 14. Qc1 e5 {[%cal Gc8f5] Black is worse, but
can survive!}) 14. Nxe7+ Kf8 15. Rfxd1 {'White needs other rook on the
queenside!'} Kxe7 {[%cal Gc8d7,Gd7c6] 'Bd7-c6 is coming, so white has no time
to waste! White has a rook and a bishop for a queen only- so black will be
obviously better if manages to complete the development of his queenside
pieces;'} 16. b4 $1 {[%cal Ye3c5] 'noone cares of c2 pawn- white needs c5
outpost for the bishop e3!'} (16. Rd2 Bd7 $11) 16... Qc7 17. Bc5+ Ke8 {'17...
Kf6 may come to consideration, while even in that game black king is
vulnerable- white can transfer rooks to the kingside via 4th rank;'} (17... Kf6
$5 18. Rd4 {[%cal Gc5d6,Yd4f4]}) 18. Bd6 Qb6 {'Pawn c2 is poison;'} (18... Qxc2
19. Rac1 Qa4 20. Rc7 Bd7 21. Bc5 Rd8 22. Rxb7 {[%cal Gb7e7,Gb7a7,Yh2h3,Yg2g3]
with multiple threats- black can't get out from this here; h3 or g3 if a22...
a5 then following with Bb6- black can't move;}) 19. Bc5 Qc7 20. Bd6 {'Move
repetition- just to check the ambitions of the other side;'} Qb6 {'No
ambitions- black managed to realize the trouble;'} 21. a4 $1 {[%cal Ra4a5]
'White dominates all over the board- pawn storm of a-pawn just kills black
here!'} Bd7 (21... a5 22. b5 {[%csl Rc8][%cal Gc2c4,Gc4c5]}) 22. a5 Qa6 (22...
Qb5 23. c4 $1 {this is stronger than immediate a6!} Qxc4 24. a6 {and pawn "a"
of white gonna cost black at least a rook!}) 23. c4 $1 {[%cal Gb4b5]} Rd8 (
23... Qxc4 24. a6 $18) 24. b5 Bxb5 25. cxb5 Qxb5 {'White has a rook and 2
bishops for a queen and 2 pawns, which is about the same material, but the
reality is different- with 4 pieces vs two of black white can get very strong
attack on black king!'} 26. a6 $1 {[%cal Gf3c6] 'Exectness is always needed
even in winning positions! White clears the diagonal for Bf3 by a6 move;'} b6 {
'the most resistant;'} (26... bxa6 27. Rac1 Rxd6 28. Rxd6 {and all black pawns
fall one by one;}) 27. Rac1 $1 {[%cal Yf3c6] 'This is just better than 27.Rab1:
'} (27. Rab1 Qd7 (27... Qa4 28. Be2) 28. Bb7 f6 29. Rbc1 Kf7 30. Bc6 Qc8 $16)
27... Rxd6 28. Rxd6 Ke7 29. Rd4 {[%cal Gc1c7]} Qxa6 30. g3 Kf6 31. Kg2 b5 32.
Rc7 {'Black qside pawns can't get far here;'} Qa1 33. Rf4+ Kg6 (33... Ke5 34.
Rc5+ {[%cal Gc5b5] destroying b-passer;}) 34. Rcxf7 $1 {[%cal Rf3e4] 'This is
better than Rfxf7- white rook 4th rank is very useful in the attack on black
king!'} h5 (34... a5 35. Be4+ Kg5 36. h3 $1 {[%cal Gf4g4] intending Rg4- black
gets mated in all lines here;}) 35. Re7 Qa2 (35... Qe5 36. Re4 {same bad for
black;}) 36. Be4+ Kh6 {[%tqu "En","can you find a forced mate here?","first
move is a check!","","f4f6","white forces mate now;",5,"f4f6","",0]} 37. Rf6+
$1 {white forces a mate now;} (37. Rf6+ gxf6 38. Rh7+ Kg5 39. h4+ Kg4 40. Rg7#)
1-0

[Event "RUS-ch 56th"]
[Site "Krasnoyarsk"]
[Date "2003.09.05"]
[Round "3"]
[White "Malakhov, Vladimir"]
[Black "Yakovich, Yuri"]
[Result "1/2-1/2"]
[WhiteElo "2696"]
[BlackElo "2573"]
[Annotator "Yakovich,Y"]
[PlyCount "105"]
[EventDate "2003.09.03"]
[EventType "swiss"]
[EventRounds "9"]
[EventCountry "RUS"]
[SourceTitle "CBM 098"]
[Source "ChessBase"]
[SourceDate "2004.02.03"]
[SourceVersion "1"]
[SourceVersionDate "2004.02.03"]
[SourceQuality "1"]

1. e4 c5 2. Nf3 e6 3. d4 cxd4 4. Nxd4 Nf6 5. Nc3 Nc6 6. Nxc6 bxc6 7. e5 Nd5 8.
Ne4 Bb7 9. Be2 c5 10. O-O Qc7 11. Nd6+ Bxd6 12. exd6 Qc6 13. f3 c4 14. Qd4 O-O
15. Bxc4 Rfc8 16. Bxd5 (16. b3 Qxd6 17. Rf2 $5 $146 {Leko,P-Topalov,V/Dortmund
2002 inf 85/156}) 16... Qxd5 (16... Qxd6 $2 17. Bh6 $1 gxh6 18. Qg4+ Kh8 19.
Bxb7 Qb6+ 20. Rf2 Qxb7 21. c3 $16) 17. Qxd5 Bxd5 18. Rf2 Rc6 19. Bf4 (19. b3 $5
Rxd6 20. Rd2 Rb6 (20... Ra6 $2 21. c4 Bc6 22. b4 $18) 21. c4 Bc6 22. Rd6 a5 23.
Bd2 $14) 19... Rac8 (19... a5 $2 20. b3 $16) 20. Rc1 (20. c3 a5 $44) 20... f6
$1 (20... Ra6 {Kasparov,G-Grischuk,A/Linares 2001 inf 81/149}) 21. b3 Rc3 (
21... e5 $2 22. Be3 Rc3 23. Re2 a6 (23... a5 24. Bb6 a4 25. bxa4) 24. Bb6 Kf7 (
24... Be6 25. Bc7) 25. Ba5 $16) 22. Bg3 a5 23. Re2 a4 24. Be1 R3c6 25. c4 Rxd6
{'=' Kasparov,G, 0,5-0,5 Anand-Leko/Amber rapid 2003} 26. Rec2 {White's
position is a little bit better, since it is easier to him to move pawns.} axb3
27. axb3 Bb7 28. b4 $14 Rd3 $1 {[%cal Yd3b3] /\29...Rb3} 29. Rb2 Rd4 $1 30.
Rbc2 Rd3 31. Rb2 Rd4 32. c5 d6 $1 $11 33. Bf2 Rd5 34. h3 dxc5 35. Bxc5 h5 36.
Ra2 Rcd8 37. b5 Rd1+ 38. Rxd1 Rxd1+ 39. Kf2 Rb1 {Eventually Black has put a
rook behind of a pass pawn. Now White has no chances to win the game.} 40. b6
Bd5 41. Rc2 Kf7 42. Bd4 Rb4 43. Rc7+ Kg6 44. Ke3 e5 45. Bc5 Rb3+ 46. Kf2 Rb2+
47. Kg1 (47. Kg3 h4+ 48. Kxh4 Rxg2) 47... Rb1+ 48. Kh2 Rb2 49. Bf8 Bxf3 (49...
Rxb6 50. Rxg7+ Kf5 51. Rh7) 50. Rxg7+ Kf5 51. Ba3 {The last trap. If 52...
Rb3?? then 53.Rg3!+-} Ra2 (51... Rb3 $4 52. Rg3 $1 $18) 52. Bb4 Rb2 53. Ba3 (
53. Bc3 Rc2 $11 (53... Rb3 54. Rg3 Be4 $11)) 1/2-1/2